00793nam a22002417a 45000010005000000030006000050050017000110080041000280200018000690400029000870500016001160820010001321000020001422450039001622600034002013000025002354900035002605050007002955200178003025210022004805210019005026500030005219775FISKH20260223143831.0260223b cb ||||| |||| 00| 0 eng d a9781035058754 aFISKHbENGcFISKHdFISKH aPZ7.1 .F347 a813.6 aFaizal, Hafsah  aWe hunt the flame /cHafsah Faizal aLondon : bFirst Ink, c2020. a506 pages : c20 cm  aSands of Arawiya : vBook one  aR  aIn a world inspired by ancient Arabia, seventeen-year-old huntress Zafira must disguise herself as a man to seek a lost artifact that could return magic to her cursed world.8 a740 bLexile HL 8 aR bRaz-Plus  aHigh FantasyvYoung Adult